000 004820000a22001810004500
003 MACL
005 20160129144213.0
008 160129b xxu||||| |||| 00| 0 eng d
040 _aMACL
_cMACL
041 _aEnglish
082 _a823/TOL
100 _aTolkien, J R R
_935386
245 _aThe Return of the King
_bThird part of the Lord of the Rings
260 _bLondon Unwin Paperbacks
_c1987
_aBritain
350 _a223
650 _aFiction
_935387
942 _cBK
_k823/TOL
_2ddc
999 _c31989
_d31989